000 00292nam a22001337a 4500
008 170619b xxu||||| |||| 00| 0 eng d
020 _a9780299109141
041 _aeng
080 _a94
100 _a16
101 _aSHH
245 _aNEITHER BLACK NOR WHITE
_cDEGLER,C.N
942 _2udc
_cBK
999 _c18082
_d18082